000 01519nam0a22002891 4500
001 rc\4386104
005 20130416144727.3
021 _aRU
_b[59-23585]
035 _a(NLR Aleph) 008550767
090 _a8404839
_c8404839
100 _a20130416d1959 |||y0rusy50 ca
101 0 _arus
102 _aRU
105 _aa z |||||
200 1 _aВременная инструкция по технической эксплуатации самоходного загрузчика железнодорожных вагонов зерном (ВЗ-2)
_fГос. ком. Совета Министров СССР по хлебопродуктам. Всесоюз. науч.-исслед. ин-т зерна и продуктов его переработки ВНИИЗ
210 _aМосква
_cХлебоиздат
_d1959
215 _a24 с.
_cил.
_d22
300 _aНа обороте тит. л. сост.: канд. техн. наук С.Н. Бендерский
606 _aПогрузочно-разгрузочные работы на железнодорожном транспорте
_xМеханизация
_2psbo
606 _aЗернопогрузчики
_xЭксплуатация
_2psbo
702 1 _aБендерский
_bС. Н.
_gСемен Николаевич
_4220
712 0 2 _aВНИИ зерна и продуктов его переработки
_3RU\NLR\AUTH\889918217
801 0 _aRU
_bNLR
_gpsbo
801 1 _aRU
_bELAR
_2rusmarc
852 _aNLR
_j59-6/3784
942 _cBOOK
980 _aNB